Most-Guessed Answers on the Most Guessed JetPunk Answers Quiz - Statistics

General Stats
  • This quiz has been taken 79 times
  • The average score is 9 of 10
Answer Stats
Quiz % Answer % Correct
Olympian Gods 95 Zeus
96%
Three letter body parts 78 Eye
95%
Asian capitals 81 Tokyo
95%
Mediterranean countries 78 Italy
92%
Most common last names in the U.S. 85 Smith
92%
Most popular herbs and spices
* we don't consider salt to be a spice
76 Pepper
91%
Orchestra instruments 77 Violin
91%
Shakespeare's plays 79 Romeo and Juliet
89%
Elements of the Periodic Table 81 Hydrogen
86%
Biggest cities in Africa 80 Cairo
85%
No matching quizzes found
Score Distribution
Percent of People with Each Score
Percentile by Number Answered
Your Score History
You have not taken this quiz